000 00497cam a22002054a 4500
005 20250605164158.0
008 250528s ||||||||||||||||||||||||d
035 _a19674
020 _a8121505984
040 _aGR-AtMCL
_bgre
_dGR-AtMCL
_eAACR2
245 1 _aINTRODUCTION TO THE STUDY OF THE HINDU DOCTRINES
250 _a1
260 _c1945
300 _a351
700 1 _aGuenon Rene
_95881
700 1 _aMunshiram Manoharlal
_95882
942 _cBK
999 _c4930
_d4930